000
00217nam a2200097Ia 4500
005
20251222175817.0
008
251222s9999||||xx |||||||||||||| ||spa||
082
_a
DVD0040/F57/1961
245
0
_a
Barrabás:
942
_c
DVD
999
_c
40337
_d
40337